000 01003nac a22002531u 4500
008 090212t xxu||||| |||| 00| 0 eng d
020 _a070255954
082 0 0 _a621.815
_bHAL
_222
100 _aHall, Allen Strickland
245 1 0 _aSchaum's outline of theory and problems of machine design /
_cby Allen S. Hall, Jr., Alfred R. Holowenko, Herman G. Laughlin
250 _aSI (metric) ed.
260 _aNew York :
_bMcGraw-Hill,
_cc1961
300 _a344 p. :
_bill. ;
_c28 cm.
490 0 _aSchaum's outline series
500 _aIncludes index.
650 0 _aMachine design.
700 1 _aHolowenko, Alfred R.
700 1 _aLaughlin, Herman G.
700 1 _aHills, P. C.
700 1 _aBennett, M. D.
_q(Michael David)
740 0 _aMachine design.
942 _cBB
_k621.815HAL
_2ddc
999 _c10833
_d10833